Statistics for Города и регионы России, упоминавшиеся в мультсериале "Мульти-Россия"

Click here to take the quiz!

General Stats

  • This quiz has been taken 132 times
  • The average score is 9 of 57

Answer Stats

Упоминаемые регионы и города% Correct
Москва
96%
Санкт-Петербург
75%
Кубань (Краснодарский край)
45%
Республика Саха (Якутия)
37%
Новосибирская область
35%
Красноярский край
30%
Республика Татарстан
30%
Ростовская область
29%
Омская область
28%
Мурманская область
27%
Архангельск
27%
Калининградская область
25%
Волгоградская область
25%
Самара
25%
Владимирская область
22%
Псковская область
20%
Республика Карелия
19%
Оренбургская область
19%
Иркутская область
16%
Республика Коми
15%
Алтайский край
15%
Ярославль
15%
Башкортостан
15%
Курская область
15%
Томская область
14%
Сахалинская область
12%
Смоленская область
12%
Республика Калмыкия
11%
Ставропольский край
11%
Ивановская область
9%
Республика Бурятия
8%
Московская область
8%
Пермский край
8%
Тамбовская область
7%
Приморский край
6%
Камчатский край
6%
Ульяновская область
5%
Ямал
5%
Астраханская область
5%
Новгородская область
5%
Республика Чувашия
5%
Кировская область
5%
Магнитогорск
5%
Нижегородская область
5%
Республика Хакасия
5%
Республика Тува
5%
Россия
4%
Дербент
4%
Вологодская область
3%
Тверская область
3%
Рязанская область
3%
Республика Северная Осетия - Алания
2%
Костромская область
2%
Пензенская область
2%
Удмуртская республика
1%
Ханты-Мансийский АО
1%
Таймыр
0%

Score Distribution

Percentile by Number Answered

Percent of People with Each Score

Your Score History

You have not taken this quiz